Statistics for States of Malaysia

Click here to take the quiz!

General Stats

  • This quiz has been taken 597 times
  • The average score is 11 of 13

Answer Stats

State% Correct
Sarawak
92%
Johor
91%
Sabah
90%
Malacca
83%
Perlis
83%
Selangor
83%
Penang
82%
Kedah
81%
Kelantan
81%
Pahang
79%
Perak
79%
Terengganu
79%
Negeri Sembilan
76%

Score Distribution

Percentile by Number Answered

Percent of People with Each Score

Your Score History

You have not taken this quiz